000
00236nam a2200097Ia 4500
008
120527s9999 xx 000 0 und d
100
_a
YOUNG,P.Ann
245
_a
Maitland's vertebral manipulation.
260
_b
Butterworths.
942
_c
BK
999
_c
23693
_d
23693